| 000 | 00563nam a2200181Ia 4500 | ||
|---|---|---|---|
| 008 | 151202s9999||||xx |||||||||||||| ||und|| | ||
| 082 | _bPNVM-80319 | ||
| 100 | _aप्रभु मीना. | ||
| 245 | _aदक्षिणरंग. | ||
| 260 | _b"मेहता पब्लिशिंग हाऊस,पूणे." | ||
| 260 | _c1999 | ||
| 300 | _a331 | ||
| 600 | _aप्रभु मीना. | ||
| 630 | _aदक्षिणरंग. | ||
| 700 | _aप्रभु मीना. | ||
| 730 | _aदक्षिणरंग. | ||
| 942 | _cBOOK | ||
| 999 |
_c1344928 _d1344925 |
||